000 00352nam a22001457a 4500
008 210602b ||||| |||| 00| 0 eng d
020 _a9780323066112
041 _aeng
080 _26th
_a616.073
082 _a616.073
100 _a6
101 _aRAD
245 _aRadiation Protection in Medical Radiography
_cPaula J. Visconti
942 _2udc
_cBK
999 _c57922
_d57922